[Event "Druzynowe Mistrzostwa Polski Juniorow - II liga"]
[Site "Sypniewo k. Jastowia"]
[Date "2024-06-17"]
[Round "1.27"]
[White "Wolak, Jan"]
[Black "Chomicki, Kornel"]
[Result "1-0"]
[WhiteTitle "II"]
[BlackTitle "II+"]
[WhiteElo "1793"]
[BlackElo "1613"]

1. e4 e5 2. Nf3 Nc6 3. Bc4 Bc5 4. O-O Nf6 5. d3 d6 6. c3 O-O 7. Nbd2 Bb6 8. Re1
Ne7 9. Nf1 Ng6 10. Ng3 h6 11. Bb3 Be6 12. h3 Qd7 13. Bc2 c6 14. d4 Qc7 15. Nf5
Kh7 16. Be3 Rad8 17. Qc1 Ng8 18. h4 N6e7 19. h5 f6 20. N3h4 c5 21. Nxe7 Nxe7 22.
d5 Bg4 23. Bd1 Bxd1 24. Qxd1 Qd7 25. g4 Rc8 26. c4 Ba5 27. Rf1 b5 28. Rc1 bxc4
29. Rxc4 Rb8 30. b3 Rb4 31. Rxb4 Bxb4 32. f4 Qc8 33. fxe5 fxe5 34. Rxf8 Qxf8 35.
g5 hxg5 36. Bxg5 Bc3 37. Bxe7 Qxe7 38. Qg4 Bd4+ 39. Kg2 Qf6 40. Qf5+ Qxf5 41.
Nxf5 g6 42. hxg6+ Kxg6 43. Nxd6 Be3 44. Nc4 Bf4 45. Kf3 Kf6 46. Nd6 Bh2 47. Nb5
a6 48. Nc7 a5 49. Nb5 Bg1 50. Nd6 Bd4 51. Ke2 Ke7 52. Nc4 Bc3 53. Kd3 1-0

[Event "Druzynowe Mistrzostwa Polski Juniorow - II liga"]
[Site "Sypniewo k. Jastowia"]
[Date "2024-06-17"]
[Round "1.28"]
[White "Dunda, Szymon"]
[Black "Kopia, Julian"]
[Result "1-0"]
[WhiteTitle "II"]
[BlackTitle "I"]
[WhiteElo "1548"]
[BlackElo "1563"]

1. e4 c5 2. Nf3 e6 3. d4 cxd4 4. Nxd4 Nc6 5. Nc3 a6 6. Be3 Qc7 7. a3 Nf6 8. Be2
Be7 9. Qd2 b5 10. O-O O-O 11. f4 d6 12. Nxc6 Qxc6 13. e5 dxe5 14. fxe5 Nd5 15.
Nxd5 exd5 16. Bd4 Bc5 17. c3 Be6 18. Bd3 Rfe8 19. Qg5 Bf8 20. Rf3 g6 21. h4 Bg7
22. Rg3 Qc7 23. Re1 Qe7 24. Qf4 Rac8 25. h5 Qf8 26. Rf1 Rb8 27. Qe3 Rec8 28. hxg6
hxg6 29. Bxg6 Qe7 30. Bxf7+ Bxf7 31. e6 Bh5 32. Rxg7+ Qxg7 33. Bxg7 Kxg7 34. Qg5+
Bg6 35. Rf7+ Kh8 36. Qh6+ Bh7 37. Qg7# 1-0

[Event "Druzynowe Mistrzostwa Polski Juniorow - II liga"]
[Site "Sypniewo k. Jastowia"]
[Date "2024-06-17"]
[Round "1.29"]
[White "Branka, Julia"]
[Black "Szczotka, Matylda"]
[Result "1/2-1/2"]
[WhiteTitle "I"]
[BlackTitle "I"]
[WhiteElo "1671"]
[BlackElo "1670"]

1. d4 Nf6 2. c4 e6 3. Nf3 b6 4. g3 Bb7 5. Bg2 Be7 6. O-O O-O 7. Nc3 d6 8. Re1 Nbd7
9. e4 Rb8 10. d5 e5 11. b3 Re8 12. Nh4 g6 13. Bg5 Nh5 14. Bxe7 Qxe7 15. Nf5 Qd8
16. h4 Ndf6 17. Nh6+ Kg7 18. Ng4 Nxg4 19. Qxg4 Nf6 20. Qg5 h6 21. Qd2 Bc8 22.
Nd1 Qe7 23. Ne3 Ng4 24. Bf3 Nxe3 25. Rxe3 Qf6 26. Qe2 h5 27. Kg2 Rh8 28. Rg1 Bd7
29. Kf1 a5 30. Bg2 Bg4 31. Bf3 Bd7 32. Qd2 Ra8 33. Be2 Bh3+ 34. Ke1 Bd7 35. Rf3
Qe7 36. Re3 Qf6 37. Rf1 Bh3 38. Rg1 Bd7 39. f4 exf4 40. Rf3 Rae8 41. Rxf4 Qa1+
42. Kf2 Qe5 43. Kg2 Rhf8 44. Bd3 Bg4 45. Rgf1 Re7 46. Kh2 Rfe8 47. Qf2 Rf8 48.
Rf6 Qc3 49. Qe3 Qe5 50. R6f2 Bd7 51. Bb1 Bg4 52. Rf4 Bd7 53. Qf2 Bg4 1/2-1/2

[Event "Druzynowe Mistrzostwa Polski Juniorow - II liga"]
[Site "Sypniewo k. Jastowia"]
[Date "2024-06-17"]
[Round "1.31"]
[White "Stepinski, Piotr"]
[Black "Zmarzly, Wiktor"]
[Result "0-1"]
[WhiteTitle "I+"]
[BlackTitle "I+"]
[WhiteElo "1925"]
[BlackElo "1891"]

1. e4 c5 2. Nf3 d6 3. Bb5+ Nd7 4. d4 cxd4 5. Nxd4 Ngf6 6. Bd3 e6 7. c4 a6 8. Nc3
b6 9. O-O Bb7 10. Re1 Be7 11. f3 Qc7 12. Bf1 O-O 13. Be3 Rac8 14. Rc1 Qb8 15.
Bf2 Kh8 16. Qd2 Rg8 17. Be3 Bd8 18. Kh1 Nh5 19. Nc2 Bc7 20. Bg1 g5 21. Bd4+ f6
22. Bg1 Rg6 23. Ne2 g4 24. Ncd4 gxf3 25. gxf3 Ne5 26. Nf4 Nxf4 27. Qxf4 d5 28.
Nxe6 Nd3 29. Qf5 Nxc1 30. Rxc1 dxe4 31. fxe4 Re8 32. Bh3 Be5 33. Qf3 Qd6 34. c5
Qd2 35. Rb1 Qc2 36. Re1 Qd2 37. Bf2 Reg8 38. Bf5 Qxe1+ 0-1

[Event "Druzynowe Mistrzostwa Polski Juniorow - II liga"]
[Site "Sypniewo k. Jastowia"]
[Date "2024-06-17"]
[Round "1.32"]
[White "Jania, Kamil"]
[Black "Gawlik, Olivier"]
[Result "1/2-1/2"]
[WhiteTitle "II"]
[BlackTitle "I"]
[WhiteElo "1446"]
[BlackElo "1765"]

1. e4 c6 2. d4 d5 3. Nc3 dxe4 4. Nxe4 Nf6 5. Nxf6+ exf6 6. Nf3 Bd6 7. Bd3 Bg4 8.
Qe2+ Qe7 9. Qxe7+ Kxe7 10. Nd2 Re8 11. O-O Nd7 12. Nc4 Bc7 13. Bd2 Be6 14. Rfe1
Kf8 15. Na5 Bxa5 16. Bxa5 Nb6 17. Re4 Bd5 18. Rh4 h6 19. Bd2 a5 20. a4 Bc4 21.
Rh3 Red8 22. b3 Bxd3 23. Rxd3 Nd5 24. c4 Nc7 25. Rd1 Rd7 26. Bc3 Ne6 27. g3 b6
28. Bb2 Kg8 29. Ba3 Rad8 30. d5 c5 31. Bb2 Nc7 32. Kf1 Ne8 33. Re1 Nd6 34. Rde3
Kf8 35. f3 Nf5 36. Re4 Nd6 37. R4e2 Nf5 38. Kf2 Nd6 39. Bc1 Nf5 40. Be3 Nd6 41.
h3 Nf5 42. g4 Nd6 43. Bf4 Ne8 44. Kg3 Nd6 45. Bxd6+ Rxd6 46. Re7 R6d7 47. Rxd7
Rxd7 48. Kf4 Rd6 49. h4 Rd7 50. Kf5 Rd6 51. h5 Rd8 52. Re3 Rd6 53. Rd3 Ke7 54.
Re3+ Kd8 55. Re2 Kd7 56. f4 Kd8 57. Re1 Rd7 58. Re3 Rd6 59. Rd3 Kd7 60. Re3 Kd8
61. Rd3 Kd7 1/2-1/2

[Event "Druzynowe Mistrzostwa Polski Juniorow - II liga"]
[Site "Sypniewo k. Jastowia"]
[Date "2024-06-17"]
[Round "1.33"]
[White "Haladaj, Adam"]
[Black "Reterski, Wiktor"]
[Result "1/2-1/2"]
[WhiteTitle "I"]
[BlackTitle "II+"]
[WhiteElo "1873"]
[BlackElo "1666"]

1. e4 c5 2. Nf3 e6 3. d4 cxd4 4. Nxd4 Nf6 5. Nc3 Nc6 6. Nxc6 bxc6 7. e5 Nd5 8.
Ne4 Qc7 9. f4 Qb6 10. c4 Bb4+ 11. Ke2 Ba6 12. Kf3 f5 13. exf6 Nxf6 14. c5 Qa5
15. Nd6+ Ke7 16. Bxa6 Qxa6 17. Be3 Nd5 18. Qd4 Rhg8 19. a3 Ba5 20. Qe4 g6 21.
Rhd1 Raf8 22. Rd4 Rb8 23. Qe5 Rxb2 24. Qg5+ Nf6 25. Nc4 Bc3 26. Nxb2 Bxb2 27.
Rad1 Bxd4 28. Bxd4 Qxa3+ 29. Ke2 Qa2+ 30. Rd2 Qc4+ 31. Ke1 Rf8 32. Qh4 h5 33.
Qg5 Qc1+ 34. Rd1 Qc2 35. Be5 Rf7 36. Rd2 Qf5 37. Bd6+ Ke8 38. Qh6 Qb1+ 39. Ke2
Qe4+ 1/2-1/2

[Event "Druzynowe Mistrzostwa Polski Juniorow - II liga"]
[Site "Sypniewo k. Jastowia"]
[Date "2024-06-17"]
[Round "1.34"]
[White "Feseniuk, Pavlo"]
[Black "Szymczyk, Jan"]
[Result "1/2-1/2"]
[WhiteTitle "II"]
[BlackTitle "II"]
[WhiteElo "1683"]
[BlackElo "1520"]

1. e4 c6 2. d4 d5 3. exd5 cxd5 4. Bd3 Nc6 5. c3 Nf6 6. h3 e6 7. Bf4 Bd6 8. Bxd6
Qxd6 9. Nf3 O-O 10. O-O b6 11. Re1 Bb7 12. Ne5 Rac8 13. Nd2 Nd7 14. Nxd7 Qxd7
15. Qh5 g6 16. Qh6 Qe7 17. Nf3 Qf6 18. Ne5 Nxe5 19. dxe5 Qg7 20. Qe3 Rfd8 21.
Rac1 Qf8 22. Qf4 Rd7 23. Bb5 Bc6 24. Be2 Rdc7 25. Bg4 Bb7 26. Rcd1 Rc4 27. Rd4
Rxd4 28. Qxd4 Qc5 29. Qf4 Qe7 30. Be2 Rc7 31. g4 Qh4 32. Kh2 Qe7 33. Rd1 Rc5 34.
Qg3 Ra5 35. a3 Ba6 36. Bxa6 Rxa6 37. f4 Ra4 38. f5 Re4 39. f6 Qc7 40. Re1 Rxe1
41. Qxe1 Qc4 42. Qd2 Qe4 43. Qd4 Qxd4 44. cxd4 Kf8 45. Kg3 Ke8 46. Kf4 h6 47.
Ke3 Kd7 48. Kd3 Kc6 49. Kc3 b5 50. b3 a5 51. h4 Kb6 1/2-1/2

[Event "Druzynowe Mistrzostwa Polski Juniorow - II liga"]
[Site "Sypniewo k. Jastowia"]
[Date "2024-06-17"]
[Round "1.35"]
[White "Banasiak, Adrianna"]
[Black "Gorecka, Laura"]
[Result "1-0"]
[WhiteTitle "I+"]
[BlackTitle "I"]
[WhiteElo "1774"]
[BlackElo "1529"]

1. d4 Nf6 2. c4 e6 3. Nf3 d5 4. Nc3 Bb4 5. Bg5 O-O 6. e3 h6 7. Bh4 b6 8. a3 Bxc3+
9. bxc3 Bb7 10. Be2 dxc4 11. Bxc4 Nbd7 12. O-O Qc8 13. a4 Ne4 14. Qc2 c5 15. a5
cxd4 16. cxd4 Re8 17. Rfc1 Nd6 18. Bd3 Bxf3 19. Qxc8 Rexc8 20. gxf3 Rxc1+ 21.
Rxc1 bxa5 22. Ra1 g5 23. Bg3 Nf5 24. Bxf5 exf5 25. Rxa5 a6 26. Rxf5 a5 27. Rb5
a4 28. Rb2 a3 29. Ra2 Nb6 30. Bd6 Nc4 31. Bc5 f5 32. Kf1 Kf7 33. Ke2 Ke6 34. Kd3
Nb2+ 35. Kc2 Nc4 36. Kb3 Na5+ 37. Kc3 Nc6 38. Rxa3 Rxa3+ 39. Bxa3 Kd5 40. Kd3
Nb8 41. e4+ fxe4+ 42. fxe4+ Ke6 43. d5+ Kd7 44. e5 Kd8 45. e6 Ke8 46. Ke4 h5 47.
Ke5 g4 48. Kf6 h4 49. d6 h3 50. d7+ Nxd7+ 51. exd7+ Kxd7 52. Kg5 Ke6 53. Kxg4
Kf6 54. Kxh3 Kg5 55. Kg3 Kh5 56. f4 Kg6 57. Kg4 Kf6 58. f5 Kg7 59. Kg5 Kg8 60.
f6 Kf7 61. Kf5 Kg8 62. Ke6 Kh7 63. f7 Kg6 64. f8=Q Kh7 65. Qf5+ Kh8 66. Bb2+ Kg8
67. Qf7# 1-0

[Event "Druzynowe Mistrzostwa Polski Juniorow - II liga"]
[Site "Sypniewo k. Jastowia"]
[Date "2024-06-17"]
[Round "1.36"]
[White "Sieczkowska, Hanna"]
[Black "Grad, Barbara"]
[Result "1/2-1/2"]
[WhiteTitle "II+"]
[BlackTitle "II"]
[WhiteElo "1412"]
[BlackElo "1509"]

1. e4 c5 2. Nf3 Nc6 3. Bb5 g6 4. Bxc6 dxc6 5. O-O Bg7 6. d3 Nf6 7. Nc3 O-O 8. Be3
b6 9. Qe2 Qc7 10. h3 Rd8 11. Rad1 Ba6 12. Rfe1 Rd7 13. Qd2 Rad8 14. Qc1 e5 15.
Bg5 c4 16. dxc4 Bxc4 17. Rxd7 Rxd7 18. Rd1 Rxd1+ 19. Qxd1 Nd7 20. Be7 Bf8 21.
Bxf8 Kxf8 22. Qd2 Kg7 23. Qg5 f6 24. Qd2 Nc5 25. b3 Ba6 26. b4 Ne6 27. a3 Qd8
28. Qxd8 Nxd8 29. g4 Ne6 30. h4 h6 31. a4 b5 32. axb5 Bxb5 33. Nxb5 cxb5 34. c3
a6 35. Kf1 Nf4 36. Nd2 Nd3 37. Nb3 Nb2 38. Ke2 Nc4 39. Na5 Nxa5 40. bxa5 Kf7 41.
Kd3 Ke6 42. c4 bxc4+ 43. Kxc4 Kd6 44. Kb4 Kc6 45. Kc4 Kd6 46. Kb4 Kc6 47. Kc4
Kd6 48. Kb4 Kc6 1/2-1/2

[Event "Druzynowe Mistrzostwa Polski Juniorow - II liga"]
[Site "Sypniewo k. Jastowia"]
[Date "2024-06-17"]
[Round "1.37"]
[White "Gorny, Tomasz"]
[Black "Klim, Filip"]
[Result "0-1"]
[WhiteTitle "I"]
[BlackTitle "k"]
[WhiteElo "1876"]
[BlackElo "1914"]

1. e4 c5 2. Nf3 d6 3. d4 cxd4 4. Nxd4 Nf6 5. f3 e5 6. Nb3 d5 7. Bg5 Be6 8. exd5
Qxd5 9. Nc3 Bb4 10. Qxd5 Nxd5 11. O-O-O Bxc3 12. Bc4 Bd4 13. Nxd4 exd4 14. Bxd5
Bxd5 15. Rxd4 f6 16. Rxd5 fxg5 17. Re1+ Kf7 18. Rf5+ Kg6 19. g4 h6 20. Re6+ Kh7
21. Re7 Nc6 22. Rxb7 Rhf8 23. Rc5 Rac8 24. Rc3 Nd4 25. Rd3 Nxf3 26. Rdd7 Rg8 27.
h3 a5 28. Ra7 Rc5 29. a3 Ne5 30. Rdb7 Nd3+ 31. Kb1 Nf4 32. Rb3 Re8 33. Rbb7 Re1+
34. Ka2 Ne6 35. Re7 Re2 36. c4 Kg6 37. Red7 Re3 38. Rd5 Rxc4 39. Raxa5 Rxh3 40.
Re5 Rc6 41. Rad5 Rh2 42. a4 Nf4 43. Rb5 Kf6 44. Rf5+ Ke6 45. a5 Rg2 46. Rb6 Rxb6
47. axb6 Kd7 48. Rc5 Rxb2+ 0-1

[Event "Druzynowe Mistrzostwa Polski Juniorow - II liga"]
[Site "Sypniewo k. Jastowia"]
[Date "2024-06-17"]
[Round "1.38"]
[White "Urych, Krzysztof"]
[Black "Gulinski, Maciej"]
[Result "1/2-1/2"]
[WhiteTitle "I"]
[BlackTitle "II"]
[WhiteElo "1782"]
[BlackElo "1617"]

1. e4 c5 2. Nf3 g6 3. c3 d5 4. exd5 Qxd5 5. Na3 Nc6 6. Bc4 Qd8 7. Nc2 Bg7 8. O-O
Nf6 9. d4 cxd4 10. cxd4 O-O 11. h3 Ne4 12. d5 Nd6 13. Bd3 Ne5 14. Nxe5 Bxe5 15.
Re1 Bf6 16. Bh6 Re8 17. Qe2 Bxb2 18. Rab1 Bc3 19. Rec1 Nf5 20. Bxf5 Bxf5 21. Rxb7
Qxd5 22. Rc7 Be5 23. Ne3 Qd3 24. Qxd3 Bxd3 25. Rd7 Bd6 26. Nd5 Bb5 27. Rxd6 exd6
28. Nf6+ Kh8 29. Nxe8 Bxe8 30. Rc7 Kg8 31. Bf4 1/2-1/2

[Event "Druzynowe Mistrzostwa Polski Juniorow - II liga"]
[Site "Sypniewo k. Jastowia"]
[Date "2024-06-17"]
[Round "1.39"]
[White "Smolinski, Wojciech"]
[Black "Lesik, Sebastian"]
[Result "1/2-1/2"]
[WhiteTitle "I"]
[BlackTitle "I"]
[WhiteElo "1841"]
[BlackElo "1845"]

1. e4 c5 2. Nf3 e6 3. d4 cxd4 4. Nxd4 a6 5. Nc3 Qc7 6. Bd3 Nf6 7. f4 Bc5 8. Nb3
Bb4 9. O-O Bxc3 10. bxc3 d6 11. Ba3 Nbd7 12. Qf3 b5 13. Qg3 Bb7 14. Rae1 g6 15.
e5 Nd5 16. Bxd6 Qxc3 17. Be4 Qxg3 18. hxg3 Rc8 19. Rc1 Ba8 20. Rfe1 N5b6 21. Bxa8
Rxa8 22. Nd2 Rc8 23. Re4 Rc3 24. Kf2 Nd5 25. Ree1 h5 26. Ne4 Rc4 27. Ba3 N7b6
28. Nd6+ Kd7 29. Nxc4 Nxc4 30. Bc5 Rc8 31. Bd4 Kc6 32. Ke3 1/2-1/2

[Event "Druzynowe Mistrzostwa Polski Juniorow - II liga"]
[Site "Sypniewo k. Jastowia"]
[Date "2024-06-17"]
[Round "1.40"]
[White "Mroczkowski, Adam"]
[Black "Biela, Jan"]
[Result "1/2-1/2"]
[WhiteTitle "I"]
[BlackTitle "II"]
[WhiteElo "1714"]
[BlackElo "1569"]

1. e4 c5 2. Nf3 g6 3. c3 d5 4. exd5 Qxd5 5. d4 Bg4 6. Be2 cxd4 7. Qxd4 Qxd4 8.
Nxd4 Bxe2 9. Kxe2 Nc6 10. Nxc6 bxc6 11. Bf4 Bh6 12. Bxh6 Nxh6 13. Nd2 Rb8 14.
Nc4 Nf5 15. b3 Nd6 16. Ne5 c5 17. Rad1 f6 18. Ng4 Ne4 19. Rc1 Kf7 20. f3 Nd6 21.
Rhd1 Rhd8 22. Rd5 c4 23. b4 Rb5 24. Rxb5 Nxb5 25. a4 Nc7 26. Ne3 Nd5 27. Nxc4
Rc8 28. Ne3 Rxc3 29. Rxc3 Nxc3+ 30. Kd3 Nxa4 31. Kc4 Ke6 32. Nd5 Nb2+ 33. Kd4
Na4 34. f4 Kd6 35. Ke4 Nb6 36. Nc3 a6 37. Kd4 f5 38. h3 1/2-1/2

[Event "Druzynowe Mistrzostwa Polski Juniorow - II liga"]
[Site "Sypniewo k. Jastowia"]
[Date "2024-06-17"]
[Round "1.41"]
[White "Leks, Emilia"]
[Black "Dzierzgowska, Jagoda"]
[Result "1/2-1/2"]
[WhiteTitle "I"]
[BlackTitle "I"]
[WhiteElo "1519"]
[BlackElo "1458"]

1. d4 d5 2. c4 c6 3. cxd5 cxd5 4. Nc3 Nf6 5. Bf4 e6 6. e3 Nc6 7. Nf3 a6 8. Be2
Bd6 9. Bg5 O-O 10. O-O b5 11. Rc1 Na5 12. b3 Bd7 13. Ne5 Be7 14. Bf4 b4 15. Nb1
Ra7 16. Bd3 Ne4 17. f3 Nd6 18. Qe1 Nb5 19. Qg3 f5 20. Qh3 Bg5 21. Qg3 Bh4 22.
Qh3 Bg5 23. Qg3 Bh4 24. Qh3 Bg5 25. Qg3 Bh4 26. Qh3 Bg5 1/2-1/2

[Event "Druzynowe Mistrzostwa Polski Juniorow - II liga"]
[Site "Sypniewo k. Jastowia"]
[Date "2024-06-17"]
[Round "1.43"]
[White "Matela, Krzysztof"]
[Black "Lochinski, Pawel"]
[Result "0-1"]
[WhiteTitle "I"]
[BlackTitle "I"]
[WhiteElo "2024"]
[BlackElo "1857"]

1. e4 c5 2. Nc3 Nc6 3. g3 g6 4. Bg2 Bg7 5. d3 d6 6. Be3 e6 7. Nge2 Nd4 8. Qd2 Ne7
9. h4 h5 10. O-O Bd7 11. Bg5 O-O 12. Nd1 Re8 13. c3 Nxe2+ 14. Qxe2 Qc7 15. Bxe7
Rxe7 16. f4 Bc6 17. Ne3 f5 18. Qd2 Rae8 19. Rad1 Kh7 20. Rfe1 b5 21. exf5 exf5
22. a3 b4 23. axb4 cxb4 24. d4 bxc3 25. bxc3 Bxg2 26. Kxg2 Qc6+ 27. Kf2 Rb7 28.
Rb1 Reb8 29. Rxb7 Rxb7 30. c4 Rb3 31. Qc2 Qb7 32. Qd2 Rb2 33. Nc2 Qb3 34. Re2
Qxc4 35. Qd1 a5 36. Kf1 a4 37. Qd2 Qb3 0-1

[Event "Druzynowe Mistrzostwa Polski Juniorow - II liga"]
[Site "Sypniewo k. Jastowia"]
[Date "2024-06-17"]
[Round "1.44"]
[White "Jablonski, Antoni"]
[Black "Misiek, Stanislaw"]
[Result "1-0"]
[WhiteTitle "I+"]
[BlackTitle "I"]
[WhiteElo "1938"]
[BlackElo "1805"]

1. d4 Nf6 2. c4 g6 3. g3 Bg7 4. Bg2 d5 5. cxd5 Nxd5 6. e4 Nb6 7. Ne2 c5 8. d5 O-O
9. O-O e6 10. Nbc3 exd5 11. exd5 Re8 12. h3 N8d7 13. a4 Nc4 14. Ra2 Nd6 15. b3
b6 16. Nb5 Nxb5 17. axb5 Bb7 18. Bb2 Bxb2 19. Rxb2 a6 20. bxa6 Rxa6 21. Nf4 b5
22. Re2 Rd6 23. Rfe1 Nf6 24. Rxe8+ Nxe8 25. Qe2 Nc7 26. Qe7 Bc8 27. Qxd8+ Rxd8
28. Rc1 g5 29. Nh5 Na6 30. Bf1 Kf8 31. Bxb5 Rxd5 32. Nf6 Rf5 33. Bxa6 Bxa6 34.
Nd7+ Ke7 35. Nxc5 Bc8 36. Kg2 Rd5 37. Rc3 h5 38. b4 Bf5 39. b5 Kd6 40. Nb7+ Kd7
41. b6 Be4+ 42. Kf1 f5 43. Nc5+ Kd6 44. Nxe4+ fxe4 45. Rb3 1-0

[Event "Druzynowe Mistrzostwa Polski Juniorow - II liga"]
[Site "Sypniewo k. Jastowia"]
[Date "2024-06-17"]
[Round "1.45"]
[White "Majcher, Igor"]
[Black "Kowalski, Aleksander"]
[Result "1-0"]
[WhiteTitle "I"]
[BlackTitle "II"]
[WhiteElo "2003"]
[BlackElo "1504"]

1. e4 e5 2. Nf3 Nc6 3. Bb5 a6 4. Ba4 Nf6 5. O-O b5 6. Bb3 Be7 7. Re1 d6 8. c3 Bg4
9. h3 Bh5 10. d3 Na5 11. Bc2 c5 12. Nbd2 O-O 13. a3 Nc6 14. Nf1 Nd7 15. Ng3 Bg6
16. d4 Qc7 17. d5 Nd8 18. a4 Nb7 19. b3 Na5 20. h4 h6 21. h5 Bh7 22. Nh2 Nf6 23.
Nhf1 Ne8 24. Bd2 Qd8 25. Qe2 c4 26. b4 Nb7 27. Be3 Bh4 28. Qg4 Bxg3 29. Nxg3 Nf6
30. Qe2 Qd7 31. Ra2 Qg4 32. Qxg4 Nxg4 33. Rea1 Nxe3 34. fxe3 Rab8 35. axb5 axb5
36. Ra7 g6 37. R1a6 Rfd8 38. Rb6 Rd7 39. Rxb5 Kf8 40. Rb6 Rc7 41. Ba4 gxh5 42.
Bc6 Nd8 43. Rxb8 1-0

[Event "Druzynowe Mistrzostwa Polski Juniorow - II liga"]
[Site "Sypniewo k. Jastowia"]
[Date "2024-06-17"]
[Round "1.46"]
[White "Modzelan, Wojciech"]
[Black "Radziszewski, Leon"]
[Result "1-0"]
[WhiteTitle "II"]
[BlackTitle "II"]
[WhiteElo "1568"]
[BlackElo "1401"]

1. e4 e5 2. Nf3 Nc6 3. Bb5 a6 4. Ba4 Nf6 5. O-O b5 6. Bb3 Be7 7. Re1 d6 8. c3 O-O
9. h3 Bb7 10. d4 exd4 11. cxd4 Na5 12. Bc2 c5 13. Nbd2 Re8 14. Nf1 Bf8 15. Ng3
g6 16. b3 Bg7 17. Bb2 Nd7 18. Qd2 c4 19. Bc3 Nc6 20. Rab1 Rb8 21. bxc4 bxc4 22.
Ba4 Na7 23. Ba5 Qc8 24. Rec1 Re7 25. Qf4 Re6 26. Bxd7 Qxd7 27. Rxc4 Rbe8 28. Rc7
Rf6 29. Qxf6 Qxc7 30. Qxg7+ Kxg7 31. Bxc7 Bxe4 32. Nxe4 Rxe4 33. Bxd6 Nb5 34.
Bc5 Nc3 35. Rb2 Nd5 36. Kf1 Nf4 37. Rd2 Nd5 38. Re2 Rf4 39. Re5 Nf6 40. Ke2 Re4+
41. Rxe4 Nxe4 42. Ke3 Nf6 43. Kf4 1-0

[Event "Druzynowe Mistrzostwa Polski Juniorow - II liga"]
[Site "Sypniewo k. Jastowia"]
[Date "2024-06-17"]
[Round "1.47"]
[White "Dura, Anna"]
[Black "Babinska, Liwia"]
[Result "1-0"]
[WhiteTitle "I"]
[BlackTitle "I"]
[WhiteElo "1618"]
[BlackElo "1702"]

1. d4 d5 2. c4 c6 3. e3 Nf6 4. Nc3 Bf5 5. Nf3 e6 6. Be2 Nbd7 7. O-O Be7 8. b3 O-O
9. Bb2 h6 10. Qc1 Qa5 11. a3 Rac8 12. b4 Qd8 13. c5 Ne4 14. Nxe4 Bxe4 15. Qd1
Bf6 16. Bd3 Bxd3 17. Qxd3 b6 18. Rab1 Rb8 19. Qc2 Qc7 20. Rfc1 Rbc8 21. a4 Rfe8
22. e4 dxe4 23. Qxe4 bxc5 24. dxc5 Bxb2 25. Rxb2 Nf6 26. Qc4 Nd5 27. Nd2 f5 28.
g3 Rcd8 29. Re1 Qf7 30. b5 Qc7 31. Nb3 Re7 32. Nd4 cxb5 33. axb5 Nb6 34. Qb4 Nd5
35. Qb3 Rde8 36. Nxf5 exf5 37. Qxd5+ Kh8 38. Rxe7 Qxe7 39. Qxf5 Rf8 40. Qc2 Qe6
41. b6 axb6 42. cxb6 Qd7 43. Ra2 Qb7 44. Qc7 Qd5 45. Qc2 Rb8 46. Rb2 Re8 47. Rb1
Qb7 48. Qc7 Qe4 49. Rc1 Qb4 50. b7 Re1+ 51. Rxe1 Qxe1+ 52. Kg2 Qe4+ 53. f3 Qe2+
54. Kh3 Qf1+ 55. Kh4 g5+ 56. Kg4 h5+ 57. Kxg5 Qb5+ 58. Kh4 Qb4+ 59. f4 1-0

[Event "Druzynowe Mistrzostwa Polski Juniorow - II liga"]
[Site "Sypniewo k. Jastowia"]
[Date "2024-06-17"]
[Round "1.49"]
[White "Marchewka, Kajetan"]
[Black "Lechowski, Witold"]
[Result "1-0"]
[WhiteTitle "II+"]
[BlackTitle "I+"]
[WhiteElo "1743"]
[BlackElo "2014"]

1. e4 c5 2. Nf3 d6 3. d4 cxd4 4. Nxd4 Nf6 5. Nc3 a6 6. Be3 e5 7. Nb3 Be7 8. f3
Be6 9. Qd2 h6 10. Nd5 Nxd5 11. exd5 Bf5 12. Bd3 Bxd3 13. Qxd3 Nd7 14. O-O-O b5
15. Kb1 Rb8 16. f4 a5 17. Rhe1 a4 18. Nd2 Qc7 19. Nf3 exf4 20. Bxf4 Nc5 21. Qe2
Rb7 22. Nd4 Qd7 23. Nc6 f5 24. Bg5 Ne4 25. Nxe7 Kf7 26. Bh4 b4 27. Ka1 a3 28.
b3 Qc7 29. Nc6 Qb6 30. Qe3 Qb5 31. Rf1 Re8 32. Rxf5+ Kg8 33. Qf3 Qc5 34. Qd3 Rd7
35. Rdf1 Nc3 36. Ne7+ Rdxe7 37. Bxe7 g6 38. Rf8+ Kg7 39. R1f7# 1-0

[Event "Druzynowe Mistrzostwa Polski Juniorow - II liga"]
[Site "Sypniewo k. Jastowia"]
[Date "2024-06-17"]
[Round "1.50"]
[White "Czak, Dominik"]
[Black "Jozwiak, Oliwier"]
[Result "1-0"]
[WhiteTitle "I"]
[BlackTitle "II"]
[WhiteElo "1739"]
[BlackElo "1669"]

1. d4 Nf6 2. c4 e6 3. g3 d5 4. Nc3 c6 5. Bg2 dxc4 6. a4 Bb4 7. Nf3 Nd5 8. Bd2 Qa5
9. Qc2 Nd7 10. O-O N7f6 11. Ne5 Bxc3 12. bxc3 O-O 13. Nxc4 Qc7 14. e4 b5 15. exd5
bxc4 16. dxc6 Nd5 17. Rab1 a6 18. Qa2 a5 19. Qxc4 Ba6 20. Qc5 Bxf1 21. Rxf1 Ra6
22. Bxd5 exd5 23. Qxd5 Qxc6 24. Qb5 Rb6 25. Qxa5 Ra8 26. Qc5 Qxc5 27. dxc5 Rc6
28. Be3 Rxa4 29. Rb1 Ra8 30. Rb6 Rac8 31. Kg2 f6 32. Bd4 Kf7 33. Kf3 Ke6 34. Ke4
g5 35. Rb7 R8c7 36. Rb8 Rc8 37. Rb2 Re8 38. Kd3 Rec8 39. Re2+ Kd7 40. Kc4 Re6
41. Ra2 f5 42. Be3 h6 43. Kd5 Re4 44. Ra6 Rce8 45. Bd4 R4e6 46. Rd6+ Rxd6+ 47.
cxd6 Re6 48. Be5 Re8 49. c4 Rc8 50. c5 h5 51. Bd4 Rf8 52. c6+ Kc8 53. Bb6 1-0

[Event "Druzynowe Mistrzostwa Polski Juniorow - II liga"]
[Site "Sypniewo k. Jastowia"]
[Date "2024-06-17"]
[Round "1.51"]
[White "Chmielnicki, Michal"]
[Black "Pelczarski, Wojciech"]
[Result "0-1"]
[WhiteTitle "II"]
[BlackTitle "II+"]
[WhiteElo "1506"]
[BlackElo "1663"]

1. e4 e6 2. d4 d5 3. e5 c5 4. c3 Nc6 5. Nf3 Qb6 6. a3 c4 7. Nbd2 Na5 8. Be2 Ne7
9. O-O Ng6 10. g3 Be7 11. Re1 O-O 12. Rb1 Bd7 13. h4 Rfe8 14. h5 Nf8 15. h6 g6
16. Nf1 Nb3 17. N3d2 Nxc1 18. Qxc1 Bg5 19. Qc2 Bxh6 20. Ne3 Qd8 21. b4 Bxe3 22.
fxe3 Qg5 23. Nf1 h5 24. Kg2 Qf5 25. Qxf5 exf5 26. Bf3 Be6 27. Nd2 Nd7 28. a4 Kg7
29. a5 Rh8 30. Rh1 f6 31. exf6+ Nxf6 32. Rbe1 Ne4 33. Bxe4 fxe4 34. Nb1 Bg4 35.
Rhf1 Bf3+ 36. Rxf3 exf3+ 37. Kxf3 h4 38. gxh4 Rxh4 39. Kg3 Rah8 40. Na3 Rh3+ 41.
Kf4 Kf6 0-1

[Event "Druzynowe Mistrzostwa Polski Juniorow - II liga"]
[Site "Sypniewo k. Jastowia"]
[Date "2024-06-17"]
[Round "1.52"]
[White "Krawczyk, Eryk"]
[Black "Fajks, Julian"]
[Result "1/2-1/2"]
[WhiteTitle "II"]
[BlackTitle "II"]
[WhiteElo "1528"]
[BlackElo "1652"]

1. Nf3 c5 2. e4 Nc6 3. d4 cxd4 4. Nxd4 d6 5. Nc3 g6 6. Bb5 Bd7 7. O-O Bg7 8. Be3
Nf6 9. f4 Ng4 10. Bxc6 Nxe3 11. Bxd7+ Qxd7 12. Qd2 Nxf1 13. Rxf1 O-O 14. f5 a6
15. Nd5 Qd8 16. c3 Rc8 17. Qg5 Re8 18. fxg6 hxg6 19. h4 e6 20. Nf6+ Bxf6 21. Rxf6
Kg7 22. h5 Qe7 23. Nxe6+ Qxe6 24. Rxe6 Rxe6 25. hxg6 fxg6 26. Qd5 Re7 27. Qxd6
Rce8 28. c4 Rxe4 29. c5 Re1+ 30. Kh2 Kh7 31. a4 R1e6 32. Qd5 R8e7 33. b4 Re4 34.
Qd6 R4e6 35. Qd8 Re5 36. b5 axb5 37. axb5 Rg7 38. Qd6 Ree7 39. Kg3 Rgf7 40. c6
bxc6 41. bxc6 Rc7 42. Kh4 Kh6 43. g4 Rce7 44. Qd4 g5+ 45. Kg3 Kg6 46. Qb6 Rc7
47. Qd4 Rce7 48. Qd6+ Kg7 49. Qc5 Kg6 1/2-1/2

[Event "Druzynowe Mistrzostwa Polski Juniorow - II liga"]
[Site "Sypniewo k. Jastowia"]
[Date "2024-06-17"]
[Round "1.54"]
[White "Lechowska, Liliana"]
[Black "Kalata, Julia"]
[Result "1/2-1/2"]
[WhiteTitle "II"]
[BlackTitle "I"]
[WhiteElo "1558"]
[BlackElo "1482"]

1. Nf3 Nf6 2. g3 d5 3. Bg2 c5 4. O-O Nc6 5. d4 e6 6. c4 Bd6 7. Nc3 a6 8. b3 O-O
9. Bb2 cxd4 10. Nxd4 Bc5 11. Nxc6 bxc6 12. Na4 Nd7 13. Nxc5 Nxc5 14. Ba3 Qa5 15.
Qc1 Rb8 16. Rb1 Nxb3 17. axb3 Rd8 18. Be7 Rd7 19. Bg5 Rdb7 20. Qc2 dxc4 21. Bf4
e5 22. Bxe5 Qxe5 23. Bxc6 Rc7 24. Qd2 Bf5 25. e4 Rxc6 26. exf5 Qxf5 27. bxc4 Rbc8
28. Rfd1 h6 29. Qa2 Rxc4 30. Qxa6 Rc2 31. Qb6 R8c6 32. Qe3 Re6 33. Qd4 Ree2 34.
Rf1 Kh7 35. Ra1 Rcd2 36. Qb6 Rd5 37. Qa6 Ree5 38. Rae1 h5 39. Rxe5 Rxe5 40. Qc4
Re4 41. Qd3 Re5 42. Qxf5+ Rxf5 43. Kg2 Kg6 44. Re1 Kf6 45. f4 g5 46. Kf3 Ra5 47.
h3 Ra3+ 48. Re3 g4+ 49. hxg4 hxg4+ 50. Kf2 Ra2+ 51. Re2 Rxe2+ 52. Kxe2 Ke6 53.
Ke3 Kd5 54. Kd3 f5 55. Ke3 Kc4 56. Ke2 Kc3 57. Ke3 1/2-1/2